000 00597nam a2200205Ia 4500
003 OSt
005 20251209143606.0
008 210210b1990 xxu||||| |||| 00| 0 eng d
040 _cAL
041 _aKonkani
082 _a891.46308 KORS
100 _aKordelche Lekhak
_9156004
110 _aಕೊರ್ಡೆಲ್ ಚೆ ಲೇಖಕ್
_9248480
245 _aShirshiro ani her katha
_b: ಶಿರ್ಶಿರೊ ಆನಿ ಹೆರ್ ಕಥಾ
260 _aManglur
_bUmed Prakashan
_c1990
300 _a145p
690 _aKonkani Fiction
_9156005
906 _a049930
942 _2ddc
_cBK
999 _c98478
_d98478